000 00219 a2200097 4500
001 34419
100 _aBartolo
245 _aPhonons and Resonance's in solids
260 _aNY
_bJohn Wiley
_c1976
090 _c22717
_d22717
942 _aNUST-CAE
_cM
_c14133
999 _c269492
_d269492